000 00855nam a22002657a 4500
999 _c33123
_d33123
001 2079
003 CO-MdFUSB
005 20170808093608.0
008 170808t1997 s ||||| |||| 00| 0 s d
020 _a84-8169-206-9
040 _aCO-MdFUSB
_bspa
_cCO-MdFUSB
_dCO-MdFUSBC
_erda
041 0 _aspa
082 0 4 _aG 221.95 A9326d
100 1 _aAusín, Santiago
_eautor
245 1 3 _aDe la ruina a la afirmación
_b: El entorno del Reino de Israel en el siglo VIII a.C.
_c/ Santiago Ausín, Director de la Asociación Bíblica Española
264 4 _aEstella, Navarra, España :
_bVerbo Divino,
_c©1997
300 _a262 Pag
336 _2rdacontent
_a1
_ba1
337 _2rdamedia
_a2
_b5
338 _2rdacarrier
_a2
_b5
650 7 _aJudíos
_9270
_xHistoria
653 _aBiblia - Historia sagrada
653 _aProfetas - Amós - Oseas
942 _cBK